| 000 | 00574nam a2200169Ia 4500 | ||
|---|---|---|---|
| 003 | IN-BaIIA | ||
| 008 | 211028s9999 xx s 000 0 eng d | ||
| 020 | _a9780819489937 (Print) | ||
| 040 | _cIIA Library | ||
| 100 |
_aAndersen, Torben, ed. _925305 |
||
| 245 | 0 |
_aIntegrated Modeling of Complex Optomechanical Systems _h[eBook] |
|
| 260 |
_aWashington, USA _bSPIE _c2011 |
||
| 300 | _aOnline resource | ||
| 490 | _aProceedings of SPIE; V. 8336 | ||
| 856 |
_uhttps://www.spiedigitallibrary.org/conference-proceedings-of-spie/8336 _yClick Here to Access eBook |
||
| 942 | _cEB | ||
| 999 |
_c26660 _d26660 |
||